Work Education in School (Record no. 5624)

MARC details
000 -LEADER
fixed length control field 00212nam a22000857a 4500
008 - FIXED-LENGTH DATA ELEMENTS--GENERAL INFORMATION
fixed length control field 170123b xxu||||| |||| 00| 0 eng d
100 ## - MAIN ENTRY--PERSONAL NAME
9 (RLIN) 2535
Personal name CBSE
245 ## - TITLE STATEMENT
Title Work Education in School
260 ## - PUBLICATION, DISTRIBUTION, ETC. (IMPRINT)
Place of publication, distribution, etc. New Delhi
Name of publisher, distributor, etc. CBSE
Date of publication, distribution, etc. 2004
Holdings
Withdrawn status Lost status Source of classification or shelving scheme Damaged status Koha normalized classification for sorting Not for loan Home library Current library Shelving location Date acquired Total Checkouts Full call number Barcode Date last seen Price effective from Koha item type
    Dewey Decimal Classification   500_000000000000000   Good Samaritan School Library Good Samaritan School Library Science 01/23/2017   500 CBS10470 01/23/2017 01/23/2017 BOOK
    Dewey Decimal Classification   500_000000000000000   Good Samaritan School Library Good Samaritan School Library Science 01/23/2017   500 CBS10471 01/23/2017 01/23/2017 BOOK
    Dewey Decimal Classification   500_000000000000000   Good Samaritan School Library Good Samaritan School Library Science 01/23/2017   500 CBS10472 01/23/2017 01/23/2017 BOOK

Powered by Koha